Capitales des anciennes régions de France métropolitaine - Statistiques

Statistiques générales
  • Ce quiz a été pris 313 fois
  • Le résultat moyen est 19 sur 22
Statistiques - réponses
région capitale % Correct
Alsace Strasbourg
98%
Aquitaine Bordeaux
96%
Bretagne Rennes
95%
Corse Ajaccio
94%
Ile-de-France Paris
94%
Bourgogne Dijon
93%
Haute-Normandie Rouen
92%
Nord-Pas-de-Calais Lille
91%
Centre Orléans
90%
Basse-Normandie Caen
89%
Auvergne Clermont-Ferrand
88%
Rhône-Alpes Lyon
88%
Provence-Alpes-Côte-d'Azur Marseille
88%
Midi-Pyrénées Toulouse
87%
Pays-de-la-Loire Nantes
85%
Lorraine Metz
79%
Languedoc-Roussillon Montpellier
79%
Limousin Limoges
75%
Picardie Amiens
72%
Poitou-Charentes Poitiers
71%
Franche-Comté Besançon
68%
Champagne-Ardenne Châlons-en-Champagne
57%
Aucun quiz correspondant
Distribution des résultats
% des personnes avec chaque résultat
Percentile par nombre de réponses
Votre historique - résultats
Vous n’avez pas pris ce quiz